ਮਿਟੀ ਦੀ ਖ਼ਸ਼ਬੂ (Record no. 98099)

MARC details
000 -LEADER
fixed length control field 00532nam a22001937a 4500
005 - DATE AND TIME OF LATEST TRANSACTION
control field 20151105130050.0
010 ## - LCCN (DPL NO)
LC control number PUN-7780
020 ## - INTERNATIONAL STANDARD BOOK NUMBER
Terms of availability 130.00
035 ## - SYSTEM CONTROL NUMBER
System control number PN-6898
037 ## - SOURCE OF ACQUISITION
Stock number unistar books
082 ## - DEWEY DECIMAL CLASSIFICATION NUMBER
Classification number 851
100 ## - MAIN ENTRY--PERSONAL NAME
Personal name ਰਾਮ ਲਾਲ ਭਗਤ
245 ## - TITLE STATEMENT
Title ਮਿਟੀ ਦੀ ਖ਼ਸ਼ਬੂ
246 ## - VARYING FORM OF TITLE
Title proper/short title Mitti di khasboo
Remainder of title by Ram Lal Bhagat
250 ## - EDITION STATEMENT
Edition statement 2012
260 ## - PUBLICATION, DISTRIBUTION, ETC. (IMPRINT)
Place of publication, distribution, etc Chandigarh
Name of publisher, distributor, etc Unistar Books
300 ## - PHYSICAL DESCRIPTION
Extent Pg.94
Other physical details 22cmਸਜਿਲਦ
942 ## - ADDED ENTRY ELEMENTS (KOHA)
Source of classification or shelving scheme Dewey Decimal Classification
Item type Punjabi Bks
Classification part 851
Call number prefix ਰਾਮਲਾ
Holdings
Withdrawn status Lost status Not for loan Collection code Home library Current library Date acquired Source of acquisition Cost, normal purchase price Full call number Barcode Copy number Cost, replacement price Koha item type
      Non-fiction D.B.Act.Division D.B.Act.Division 05/11/2015 DBAD 175.00 851 PN-6898 1 175.00 Punjabi Bks

© Delhi Public Library
Hit Counter
free hit counter